<?xml version="1.0" encoding="UTF-8"?><?xml-stylesheet type="text/xsl" href="static/style.xsl"?><OAI-PMH xmlns="http://www.openarchives.org/OAI/2.0/" xmlns:xsi="http://www.w3.org/2001/XMLSchema-instance" xsi:schemaLocation="http://www.openarchives.org/OAI/2.0/ http://www.openarchives.org/OAI/2.0/OAI-PMH.xsd"><responseDate>2026-04-17T01:13:04Z</responseDate><request verb="GetRecord" identifier="oai:www.recercat.cat:2072/257781" metadataPrefix="marc">https://recercat.cat/oai/request</request><GetRecord><record><header><identifier>oai:recercat.cat:2072/257781</identifier><datestamp>2024-12-13T11:13:59Z</datestamp><setSpec>com_2072_63427</setSpec><setSpec>com_2072_63424</setSpec><setSpec>com_2072_63412</setSpec><setSpec>com_2072_2015</setSpec><setSpec>col_2072_63428</setSpec></header><metadata><record xmlns="http://www.loc.gov/MARC21/slim" xmlns:dcterms="http://purl.org/dc/terms/" xmlns:xsi="http://www.w3.org/2001/XMLSchema-instance" xmlns:doc="http://www.lyncode.com/xoai" xsi:schemaLocation="http://www.loc.gov/MARC21/slim http://www.loc.gov/standards/marcxml/schema/MARC21slim.xsd">
   <leader>00925njm 22002777a 4500</leader>
   <datafield ind2=" " ind1=" " tag="042">
      <subfield code="a">dc</subfield>
   </datafield>
   <datafield ind2=" " ind1=" " tag="720">
      <subfield code="a">Gil Aros, Celio</subfield>
      <subfield code="e">author</subfield>
   </datafield>
   <datafield ind2=" " ind1=" " tag="520">
      <subfield code="a">Desarrollo de un proyecto que permita visualizar los datos sobre la radiación solar y sobre las fluctuaciones tanto atmosféricas como meteorológicas. Para esto se ha planteado diseñar e implementar un producto de software orientado a la nube (cloud computing), el cual será de conocimiento público para toda la comunidad académica y entidades tanto nacionales como internacionales que deseen acceder a este sistema. La visión del proyecto quiere convertir el laboratorio de radiometría en un centro nacional de radiación solar y estación meteorológica de la ciudad de Bogotá y de esta manera apalancar otros procesos investigativos tanto a nivel nacional como internacional, a partir de la utilización de los datos originados en el laboratorio y puestos en línea para ser consultados.</subfield>
   </datafield>
   <datafield ind2=" " ind1=" " tag="520">
      <subfield code="a">Desenvolupament d'un projecte que permeti visualitzar les dades sobre la radiació solar i sobre les fluctuacions tant atmosfèriques com meteorològiques. Per això s'ha plantejat dissenyar i implementar un producte de programari orientat al núvol (cloud computing), el qual serà de coneixement públic per a tota la comunitat acadèmica i entitats tant nacionals com internacionals que vulguin accedir a aquest sistema. La visió del projecte vol convertir el laboratori de radiometria en un centre nacional de radiació solar i estació meteorològica de la ciutat de Bogotà i d'aquesta manera apalancar altres processos investigadors tant a nivell nacional com internacional, a partir de la utilització de les dades originades en el laboratori i posades en línia per a ser consultades.</subfield>
   </datafield>
   <datafield ind2=" " ind1=" " tag="520">
      <subfield code="a">Master thesis for the Free Software program.</subfield>
   </datafield>
   <datafield ind1="8" ind2=" " tag="024">
      <subfield code="a">http://hdl.handle.net/10609/45716</subfield>
   </datafield>
   <datafield tag="653" ind2=" " ind1=" ">
      <subfield code="a">radiometria</subfield>
   </datafield>
   <datafield tag="653" ind2=" " ind1=" ">
      <subfield code="a">radiometría</subfield>
   </datafield>
   <datafield tag="653" ind2=" " ind1=" ">
      <subfield code="a">radiometry</subfield>
   </datafield>
   <datafield tag="653" ind2=" " ind1=" ">
      <subfield code="a">programari lliure</subfield>
   </datafield>
   <datafield tag="653" ind2=" " ind1=" ">
      <subfield code="a">software libre</subfield>
   </datafield>
   <datafield tag="653" ind2=" " ind1=" ">
      <subfield code="a">free software</subfield>
   </datafield>
   <datafield tag="653" ind2=" " ind1=" ">
      <subfield code="a">informàtica en núvol</subfield>
   </datafield>
   <datafield tag="653" ind2=" " ind1=" ">
      <subfield code="a">computación en la nube</subfield>
   </datafield>
   <datafield tag="653" ind2=" " ind1=" ">
      <subfield code="a">cloud computing</subfield>
   </datafield>
   <datafield tag="653" ind2=" " ind1=" ">
      <subfield code="a">Open source software -- TFM</subfield>
   </datafield>
   <datafield tag="653" ind2=" " ind1=" ">
      <subfield code="a">Cloud computing -- TFM</subfield>
   </datafield>
   <datafield tag="653" ind2=" " ind1=" ">
      <subfield code="a">Programari lliure -- TFM</subfield>
   </datafield>
   <datafield tag="653" ind2=" " ind1=" ">
      <subfield code="a">Computació en núvol -- TFM</subfield>
   </datafield>
   <datafield tag="653" ind2=" " ind1=" ">
      <subfield code="a">Software libre -- TFM</subfield>
   </datafield>
   <datafield tag="653" ind2=" " ind1=" ">
      <subfield code="a">Computación en nube -- TFM</subfield>
   </datafield>
   <datafield ind2="0" ind1="0" tag="245">
      <subfield code="a">El software libre en la gestión de información radiométrica basada en cloud computing</subfield>
   </datafield>
</record></metadata></record></GetRecord></OAI-PMH>